Catálogo

Auditoría. (Registro nro. 24563)

Detalles MARC
000 -LEADER
fixed length control field 01476cam a2200349 i 4500
001 - CONTROL NUMBER
control field 24563
003 - CONTROL NUMBER IDENTIFIER
control field Mx-PuUPA
005 - DATE AND TIME OF LATEST TRANSACTION
control field 20251022111842.0
008 - FIXED-LENGTH DATA ELEMENTS--GENERAL INFORMATION
fixed length control field 140415s1965 mx ad fr 000 0 spa d
040 ## - CATALOGING SOURCE
Original cataloging agency Mx-PuUPA
Language of cataloging spa
Transcribing agency Mx-PuUPA
Modifying agency Mx-PuUPA
Description conventions rda
041 1# - LANGUAGE CODE
Language code of text/sound track or separate title spa
Language code of original eng
100 1# - MAIN ENTRY--PERSONAL NAME
Personal name Holmes, Arthur W.,
Fuller form of name (Arthur Wellington),
Dates associated with a name 1901-1983
Relator term autor
9 (RLIN) 13351
240 10 - UNIFORM TITLE
Uniform title Auditing : principles and procedure.
Language of a work Español
245 10 - TITLE STATEMENT
Title Auditoría.
Number of part/section of a work Tomo I.
Name of part/section of a work Principios y procedimientos /
Statement of responsibility, etc. por Arthur W. Holmes ; traducción al español por Francisco Contro Malo
250 ## - EDITION STATEMENT
Edition statement Segunda edición
264 #1 - PRODUCTION, PUBLICATION, DISTRIBUTION, MANUFACTURE, AND COPYRIGHT NOTICE
Place of production, publication, distribution, manufacture México, D. F. :
Name of producer, publisher, distributor, manufacturer Unión Tipográfica Editorial Hispano-Americana,
Date of production, publication, distribution, manufacture, or copyright notice ©1965
300 ## - PHYSICAL DESCRIPTION
Extent xiii, 952 páginas :
Other physical details ilustraciones, gráficas ;
Dimensions 23 cm
336 ## - CONTENT TYPE
Fuente rdacontent
Content type term texto
Content type code txt
337 ## - MEDIA TYPE
Source rdamedia
Media type term sin medio
Media type code n
338 ## - CARRIER TYPE
Source rdacarrier
Carrier type term volumen
Carrier type code nc
490 0# - SERIES STATEMENT
Series statement Biblioteca "UTEHA" de Contabilidad Superior
490 0# - SERIES STATEMENT
Series statement Biblioteca de Contabilidad Superior ;
Volume/sequential designation 9
545 ## - BIOGRAPHICAL OR HISTORICAL DATA
Biographical or historical data Reimpresión: (1967).
650 #7 - SUBJECT ADDED ENTRY--TOPICAL TERM
Source of heading or term armarc
Topical term or geographic name entry element Auditoría
700 1# - ADDED ENTRY--PERSONAL NAME
Personal name Contro Malo, Francisco,
Relator term traductor
765 08 - ORIGINAL LANGUAGE ENTRY
Main entry heading Holmes, Arthur W., (Arthur Wellington), 1901-1983
Edition Illinois : Homewood, [Fecha de publicación no identificada]
Title Auditing : principles and procedure.
942 ## - ADDED ENTRY ELEMENTS (KOHA)
Source of classification or shelving scheme Dewey Decimal Classification
Koha item type Libro
Classification part 657.45
Item part H722
Existencias
Withdrawn status Lost status Source of classification or shelving scheme Damaged status Not for loan Collection code Home library Current library Shelving location Date acquired Source of acquisition Total Checkouts Full call number Barcode Date last seen Price effective from Koha item type
    Dewey Decimal Classification     General Biblioteca Karol Wojtyla Biblioteca Karol Wojtyla Sala general 03/12/2013 Donación   657.45 H722 1965 45882 05/01/2026 03/12/2013 Libro